Science Quiz

Random Science Quiz

Dorsal Left Forelimb Cat Muscles 2 Quiz Stats

 Plays Quiz not verified by Sporcle

Support Sporcle.
Go Orange.
Score 0/13 Timer 10:00
0 Plays Today
Hint Answer % Correct
5abrachioradialis
92.3%
9aextensor carpi radialis longus
88.5%
10aextensor carpi ulnaris
88.5%
4aextensor digitorum communis
84.6%
3bextensor carpi radialis longus
84.6%
4bbrachioradialis
84.6%
2bextensor digitorum communis
80.8%
7bextensor carpi ulnaris
80.8%
3aextensor digitorum lateralis
76.9%
6aclavobrachialis
73.1%
6bextensor digitorum lateralis
73.1%
7atriceps brachii long head
69.2%
8atriceps brachii lateral head
65.4%

You're not logged in!

Compare scores with friends on all Sporcle quizzes.
OR
Log In

From the Vault

Which One's the Oldest?

by BoggelTeam

If you need help, ask your grandparents.
Remove Ads.
Support Sporcle.
Get the best of Sporcle when you Go Orange. This ad-free experience offers more features, more stats, and more fun while also helping to support Sporcle. Thank you for becoming a member.

Show Comments

Extras

Created Oct 7, 2013ReportNominate
Tags:cat, muscle

Top Quizzes Today


Score Distribution

Your Account Isn't Verified!

In order to create a playlist on Sporcle, you need to verify the email address you used during registration. Go to your Sporcle Settings to finish the process.

Report this User

Report this user for behavior that violates our Community Guidelines.

Details: